书目信息 |
| 题名: |
钢结构节点设计CAD精选图集
|
|
| 作者: | ;筑龙网 组编 | |
| 分册: | ||
| 出版信息: | 北京 机械工业出版社 2007.06 |
|
| 页数: | 354页 | |
| 开本: | 29cm | |
| 丛书名: | 精选CAD图集系列 | |
| 单 册: | ||
| 中图分类: | TU391.04-39 | |
| 科图分类: | ||
| 主题词: | 钢结构--gang jie gou--结点 (结构)--结构设计--计算机辅助设计--图集 | |
| 电子资源: | ||
| ISBN: | 978-7-111-20641-5 | |
| 000 | 01073nam 2200265 450 | |
| 001 | 012007055058 | |
| 005 | 20071107082937.82 | |
| 010 | @a978-7-111-20641-5@dCNY58.00 (含光盘) | |
| 100 | @a20071106d2007 km y0chiy0120 ea | |
| 101 | 0 | @achi |
| 102 | @aCN@b110000 | |
| 105 | @aa z 000yy | |
| 106 | @ar | |
| 200 | 1 | @a钢结构节点设计CAD精选图集@Agang jie gou jie dian she ji CAD jing xuan tu ji@f筑龙网组编@Fzhu long wang zu bian |
| 210 | @a北京@c机械工业出版社@d2007.06 | |
| 215 | @a354页@c图@d29cm@e光盘1片 | |
| 225 | 2 | @a精选CAD图集系列@Ajing xuan CAD tu ji xi lie |
| 307 | @a光盘 ISBN : 978-7-89482-062-4 | |
| 330 | @a本图集根据钢结构施工及设计的相关规范编制,共收录了约400幅钢结构节点设计详图,包括门式刚架结构节点、钢框架结构连接节点、钢桁架结构连接节点及网架结构连接节点等各种类型的节点设计图。 | |
| 410 | 0 | @12001 @a精选CAD图集系列 |
| 606 | 0 | @a钢结构@Agang jie gou@x结点 (结构)@x结构设计@x计算机辅助设计@j图集 |
| 690 | @aTU391.04-39@v4 | |
| 711 | 02 | @a筑龙网@Azhu long wang@4组编 |
| 801 | 0 | @aCN@b@c20071107 |
| 905 | @b265066-68@dTU391.04-39@eZ920@f3 | |
| 钢结构节点设计CAD精选图集/筑龙网组编.-北京:机械工业出版社,2007.06 |
| 354页:图;29cm+光盘1片.-(精选CAD图集系列) |
| ISBN 978-7-111-20641-5:CNY58.00 (含光盘) |
| 本图集根据钢结构施工及设计的相关规范编制,共收录了约400幅钢结构节点设计详图,包括门式刚架结构节点、钢框架结构连接节点、钢桁架结构连接节点及网架结构连接节点等各种类型的节点设计图。 |
| ● |
| 相关链接 |
|
|
|
正题名:钢结构节点设计CAD精选图集
索取号:TU391.04-39/Z920
 
预约/预借
| 序号 | 登录号 | 条形码 | 馆藏地/架位号 | 状态 | 备注 |
| 1 | 265066 | 202650666 | 建筑库101/101建筑库 91排2列2层/ [索取号:TU391.04-39/Z920] | 在馆 | |
| 2 | 265067 | 202650675 | 土木与交通工程学院资料室/土木与交通学院资料室 1排1列1层/ [索取号:TU391.04-39/Z920] | 在馆 | |
| 3 | 265068 | 202650684 | 建筑库101/101建筑库 91排2列2层/ [索取号:TU391.04-39/Z920] | 在馆 |